000 00969nam a2200277Ia 4500
001 Para_9927
003 CHAP
008 220125s2010 xx 000 0 und d
010 _a208590
040 _cCHAP
090 _aPA CD - TESIS 15
100 _aCastro Guantes, Cecilia
_920374
245 _aAntagonismo de cuatro cepas de Bacillus spp. sobre enfermedades de raíz en tres genotipos de frijol /
_c Cecilia Castro Guantes; Director Daniel Nieto Angel
260 _aChapingo, Méx. :
_b el autor
300 _a1 CD ROM ( p)
502 _aTesis (Ing. Agr. Esp. en Parasitología Agrícola) -- UACh Departamento Parasitología Agrícola
700 _aNieto Angel, Daniel, Director
_9175045
710 _aUACh Departamento Parasitología Agrícola
_9164542
901 _aPA CD - TESIS 15
902 _aM
905 _a5132202010 amn 8100000000 06
910 _a2010
942 _cPARA
942 _cPARA
_d2
999 _c208590
_d208590